01007nam a2200289 u 450000100070000000500170000700800410002403500110006504000130007604100080008908000070009710000490010424500880015326000230024130000140026465000350027865000280031365000420034165000440038370000470042770000550047494200100052999900170053950200120055652600080056895201410057619018220260506080209.0980602s1995 ||||||m| spa  a190182 ccomduadb aspa aQD10aGuerrero Quijano, Jaime A.4auteaut951139310aEfectos biologicos de las materias pirmas utilizadas en la elaboracion de polimeros aMedellín,c1995. a301 hojas 7aSalud ocupacional2lemb937677 aPolimerización941809 7aToxicología industrial2lemb935509 7aMonitoreo epidemiológico2dcs915530310aSoto Velez, Juan Gonzalo4auteaut949547310aQuinchia Hernández., Rigoberto4thseths9487563 cTESIS c83968d83968 b285c20 a287 00102ddc40708SEMIACTIV2aBSPbBSPd1998-06-02iC262771l0oQD380 G8-95 e1p61000000721379r2023-04-22 00:00:00t1w2023-04-22yTESIS